|
|
|
|
| LEADER |
00000cam a2200000 a 4500 |
| 001 |
vtls001074757 |
| 003 |
SK-MaSNL |
| 005 |
20260301062120.0 |
| 008 |
240226s1994 xo gr 000 f slo |
| 015 |
|
|
|a SNBA1994/04
|
| 020 |
|
|
|a 8022005118
|q (viazané)
|
| 035 |
|
|
|a SNK000017589
|
| 040 |
|
|
|a SNK
|b slo
|c SNK
|e AACR2
|
| 041 |
1 |
|
|a slo
|h eng
|
| 044 |
|
|
|a xo
|c SK
|
| 072 |
|
7 |
|a 821.111(73)-3
|x Americká próza
|2 konspekt
|
| 080 |
|
|
|a 820 (73)-3
|2 1981
|
| 080 |
|
|
|a 821.111(73)-31
|2 2011
|
| 080 |
|
|
|a (0:82-312.4)
|2 2011
|
| 100 |
1 |
|
|a McBain, Ed,
|d 1926-2005
|4 aut
|9 202011
|
| 240 |
1 |
0 |
|a Kiss
|l Slovensky
|
| 245 |
1 |
0 |
|a Bozk
|c Ed Mac Bain ; [preložila Miroslava Staszová]
|
| 250 |
|
|
|a 1. vyd.
|
| 260 |
|
|
|a Bratislava
|b Slovenský spisovateľ
|c 1994
|e Bratislava
|f Svornosť
|
| 300 |
|
|
|a 283 strán
|c 21 cm
|
| 490 |
1 |
|
|a Zelená knižnica
|
| 500 |
|
|
|a Preložené z angličtiny
|
| 655 |
|
7 |
|a americké romány
|2 SNKPH
|9 1174
|
| 655 |
|
7 |
|a detektívne romány
|2 SNKPH
|9 70455
|
| 700 |
1 |
|
|a Staszová, Miroslava,
|d 1952-
|4 trl
|9 110873
|
| 830 |
|
0 |
|a Zelená knižnica
|9 276858
|
| 919 |
|
|
|a 80-220-0511-8
|
| 958 |
|
|
|a LX
|
| 958 |
|
|
|a TL
|
| 958 |
|
|
|a UP
|
| 958 |
|
|
|a NS
|
| 958 |
|
|
|a OND
|
| 958 |
|
|
|a EUIPO
|
| 968 |
|
|
|b ENG
|
| 999 |
|
|
|c 619499
|d 621429
|
| 952 |
|
|
|a SNK
|b SNK
|y PREZ
|7 0
|p 17A0163464
|o snkSC 85516 D1
|0 0
|1 0
|4 0
|d 1998-10-06
|l 0
|r 2004-12-31 00:00:00
|w 2026-02-23
|
| 952 |
|
|
|a SNK
|b SNK
|y PREZ
|7 0
|p 17A0995857
|o snkSC 85516
|i snkKSP 3752/94
|0 0
|1 0
|4 0
|d 2012-08-15
|f 1
|l 0
|r 2025-08-27 00:00:00
|w 2026-02-23
|